Statistics for World Map Tile Select

Click here to take the quiz!

General Stats

  • This quiz has been taken 414 times
  • The average score is 67 of 80

Answer Stats

QuestionTileSelect?% Correct
that contain French Territory(including overseas ones)
100%
that contain a Country that begins with R
99%
that contain a country with a population greater than 1 billion
99%
with 3 or less countries
99%
that contain French Territory(including overseas ones)
99%
with 3 or less countries
99%
with 3 or less countries
99%
with 3 or less countries
99%
that contain a country with a population greater than 1 billion
99%
with 3 or less countries
99%
with 3 or less countries
99%
with 3 or less countries
99%
that contain a Country that begins with R
99%
that contain a Country that begins with R
99%
that contain a Country that begins with R
99%
that contain a Country that begins with R
99%
that contain a Country that begins with R
99%
that contain a Country that begins with R
99%
that contain a Country that begins with R
99%
that contain a Country that begins with R
99%
with 3 or less countries
98%
that contain French Territory(including overseas ones)
98%
with 3 or less countries
98%
with 3 or less countries
98%
that contain a country with a population greater than 1 billion
98%
that contain a country with a population greater than 1 billion
98%
that have NO cities that have hosted the Summer Olympics
98%
with 3 or less countries
98%
that contain French Territory(including overseas ones)
97%
that contain French Territory(including overseas ones)
97%
that have NO cities that have hosted the Summer Olympics
97%
that contain French Territory(including overseas ones)
97%
that contain a Country that begins with R
97%
that contain French Territory(including overseas ones)
97%
that contain a country with a population greater than 1 billion
97%
that contain a Country that begins with R
96%
that contain French Territory(including overseas ones)
96%
that contain a country with a population greater than 1 billion
96%
that contain a country with a population greater than 1 billion
96%
that have NO cities that have hosted the Summer Olympics
95%
that contain a country with a population greater than 1 billion
95%
that contain a country with a population greater than 1 billion
94%
that have NO cities that have hosted the Summer Olympics
94%
that contain a country with a population greater than 1 billion
94%
that have NO cities that have hosted the Summer Olympics
93%
that contain a country with a population greater than 1 billion
93%
that contain a Country that begins with R
92%
that contain a country with a population greater than 1 billion
92%
that have NO cities that have hosted the Summer Olympics
90%
that contain a Country that begins with R
90%
that contain a country with a population greater than 1 billion
89%
that contain a Country that begins with R
88%
with 3 or less countries
88%
that contain French Territory(including overseas ones)
87%
that have NO cities that have hosted the Summer Olympics
86%
with 3 or less countries
83%
that contain French Territory(including overseas ones)
82%
with 3 or less countries
82%
that contain French Territory(including overseas ones)
77%
that contain a country with a population greater than 1 billion
72%
that have NO cities that have hosted the Summer Olympics
69%
that contain a country with a population greater than 1 billion
69%
with 3 or less countries
67%
that have NO cities that have hosted the Summer Olympics
66%
that contain a country with a population greater than 1 billion
66%
that contain French Territory(including overseas ones)
65%
that have NO cities that have hosted the Summer Olympics
64%
that have NO cities that have hosted the Summer Olympics
63%
with 3 or less countries
63%
that contain French Territory(including overseas ones)
58%
that have NO cities that have hosted the Summer Olympics
58%
that have NO cities that have hosted the Summer Olympics
56%
that have NO cities that have hosted the Summer Olympics
56%
that contain a Country that begins with R
52%
that have NO cities that have hosted the Summer Olympics
41%
that have NO cities that have hosted the Summer Olympics
39%
that contain French Territory(including overseas ones)
30%
that contain a Country that begins with R
26%
that contain French Territory(including overseas ones)
16%
that contain French Territory(including overseas ones)
10%

Score Distribution

Percentile by Number Answered

Percent of People with Each Score

Your Score History

You have not taken this quiz